[Event "MVP-ch Seniors op 15th"]
[Site "Binz"]
[Date "2015.11.29"]
[Round "6.52"]
[White "Fuhrmann, Christian"]
[Black "Mayeres, Hans Christian"]
[Result "1/2-1/2"]
[WhiteElo "1771"]
[BlackElo "1613"]
[PlyCount "64"]
[EventDate "2015.11.24"]
[EventType "swiss"]
[EventRounds "9"]
[EventCountry "GER"]
[SourceTitle "EXT 2017"]
[Source "ChessBase"]
[SourceDate "2016.10.25"]
[SourceVersion "1"]
[SourceVersionDate "2016.10.25"]
[SourceQuality "1"]

1. d4 Nf6 2. c4 g6 3. Nc3 Bg7 4. e4 d6 5. f3 0-0 6. Be3 e5 7. d5 Nh5 8. Qd2 Qh4+ 9. Bf2 Qf4 10. Qxf4 Nxf4 11. g3 Nh5 12. 0-0-0 Bh6+ 13. Kb1 a5 14. g4 Nf4 15. h4 f6 16. Nh3 g5 17. Nxf4 gxf4 18. Be2 Kh8 19. Rdg1 Rg8 20. Rh2 Na6 21. Rhg2 Bd7 22. g5 Bg7 23. Nb5 b6 24. a3 Bh3 25. Rh2 Bd7 26. Bf1 Raf8 27. Bh3 Bxh3 28. Rxh3 Rf7 29. Rh2 Bf8 30. Rhg2 Rfg7 31. Na7 fxg5 32. hxg5 Be7 1/2-1/2

[Event "MVP-ch Seniors op 15th"]
[Site "Binz"]
[Date "2015.11.27"]
[Round "4.22"]
[White "Fuhrmann, Christian"]
[Black "Krueger, Horst"]
[Result "1/2-1/2"]
[WhiteElo "1771"]
[BlackElo "1944"]
[PlyCount "35"]
[EventDate "2015.11.24"]
[EventType "swiss"]
[EventRounds "9"]
[EventCountry "GER"]
[SourceTitle "EXT 2017"]
[Source "ChessBase"]
[SourceDate "2016.10.25"]
[SourceVersion "1"]
[SourceVersionDate "2016.10.25"]
[SourceQuality "1"]

1. d4 d5 2. c4 c6 3. Nc3 Nf6 4. Nf3 e6 5. e3 Bd6 6. Bd3 0-0 7. 0-0 Nbd7 8. Re1 e5 9. dxe5 Bxe5 10. cxd5 Bxc3 11. bxc3 cxd5 12. c4 Nc5 13. Be2 dxc4 14. Qxd8 Rxd8 15. Bxc4 Be6 16. Bf1 Nd3 17. Rd1 Nxc1 18. Rdxc1 1/2-1/2